000 00894cab a2200313 4500
001 ABS60445
008 090401t1999 xxu||||| |||| 00| 0 eng d
035 _a(Sirsi) u93267
041 _aeng
245 _aFocus `99: Birmingham
260 _c1999
350 _a0
490 _aEstates Gazette
_v(9918) 8 May 1999, 85-129(18)
650 _aBIRMINGHAM
650 _aBULL RING
650 _aCINEMAS
650 _aDEALS
650 _aINDUSTRIAL MARKET
650 _aLEISURE MARKET
650 _aLONGBRIDGE
650 _aM42 CORRIDOR
650 _aPROPERTY-COMMERCIAL PROPERTY-OFFICE PROPERTY-OFFICE PROPERTY MARKET
650 _aOUT-OF-TOWN OFFICES
650 _aPUBLIC TRANSPORT
650 _aPROPERTY-COMMERCIAL PROPERTY-RETAIL PROPERTY-RETAIL PROPERTY MARKET
690 _aPROPERTY-COMMERCIAL PROPERTY-COMMERCIAL PROPERTY MARKET
942 _n0
948 _c11/05/1999
999 _c59118
_d59118